| 000 | 00537nam a2200193Ia 4500 | ||
|---|---|---|---|
| 003 | OSt | ||
| 005 | 20200622110352.0 | ||
| 008 | 190216s9999||||xx |||||||||||||| ||und|| | ||
| 020 | _a9788130709505 | ||
| 040 | _coclc | ||
| 082 |
_a954 _bAZI/I |
||
| 100 |
_aAziz, Abdul _9963 |
||
| 245 | 4 |
_aThe Imperial Treasury Of The Indian Mughuls / _cAbdul Aziz |
|
| 250 | _aVol. 1 | ||
| 260 |
_bCosmo Publications, _c2009. _a New Delhi: |
||
| 300 | _a288p | ||
| 650 | _aHistory | ||
| 942 |
_cBK _2ddc _h954 _iAZI/I _k954 _mAZI/I |
||
| 999 |
_c21822 _d21822 |
||